Statistiques concernant Révisions HGGSP pour le BAC, Vrai-Faux - Click Quiz

Cliquez ici pour prendre le quiz!

Statistiques générales

  • Ce quiz a été pris 192 fois
    (112 depuis la dernière actualisation)
  • Le résultat moyen est 14 sur 20

Statistiques - réponses

HintRéponse% Correct
Les traités de Westphalie sont signés en 1648Vrai
91%
Youri Gagarine est le premier homme à avoir été envoyé dans l'espaceVrai
90%
Space X a été fondée par Jeff Bezzos Faux
89%
Joe Biden a réintégré les Etats-Unis dans les accords de ParisVrai
84%
Clausewitz est l'auteur du traité de stratégie militaire "De la guerre"Vrai
80%
L'OLP a été fondée par Mohamed Salah Faux
80%
La France fait partie de l'ESAVrai
78%
Les Taïkonautes sont chinoisVrai
72%
Nous vivons sommes actuellement dans la période de l'anthropocèneVrai
71%
La couverture forestière française a augmenté depuis le Moyen-ÂgeVrai
70%
Abou Bakr Al Baghdadi est le fondateur d'Al-Qaïda Faux
66%
La révolution industrielle est née dans le Pas-de-Calais Faux
66%
Gamal Abdel Nasser est un sioniste Faux
64%
La première Intifada correspond à l'invasion du Koweït par Saddam Hussein Faux
63%
Les forêts domaniales appartiennent aux mairies Faux
57%
Les accords de Dubaï en 2015 marquent un tournant dans la lutte contre le réchauffement climatique Faux
57%
Roscosmos est l'agence spatiale RusseVrai
55%
Kofi Annan était le président de l'ONU Faux
55%
La deuxième guerre du Golfe a eu lieu sous la présidence de Bill Clinton Faux
54%
Genève accueille le siège de l'ONU Faux
52%

Distribution des résultats

Percentile par nombre de réponses

% des personnes avec chaque résultat

Votre développement - résultats

Vous n’avez pas pris ce quiz depuis la dernière actualisation